=LDR 00000nam 2200000 4500 =001 INLIS000000000028124 =005 20130612130442 =008 ***********************************Ind** =035 ##$$a0010-061300000028124 =041 ##$$a Ind =082 ##$$a 428 =090 ##$$a 428, Hak c =100 ##$$a Hakim, Thursana =245 ##$$a Cara termudah membuat kalimat percakapan bahasa inggris, Drs. Thursana Hakim =260 ##$$a 2004 $b Jakarta =300 ##$$a ix, 118 hlm, 29 cm =650 ##$$a bahasa Inggris =850 ##$$a NBPNMAT =990 ##$$a 91424/BPAP-NTB/2014